Jednoducho " bez zásob"

Využívanie princípov CRP a ECR je určené na to, aby bola distribúcia a logistika kvalitná a racionálna. CRP - doplnenie tovaru na regáli tak rýchlo, ako ho spotrebiteľ berie. Čo je základom ECR - efficient consumer respons? Výmena informácií medzi výrobou a obchodom. Medzikonkurenčná komunikácia.

Guardado en:
Detalles Bibliográficos
Autor principal: Bokorová, Jana
Formato: Capítulo de libro
Lenguaje:eslovaco
Materias:
Etiquetas: Agregar Etiqueta
Sin Etiquetas, Sea el primero en etiquetar este registro!

MARC

LEADER 00000naa a2200000 4500
001 r043072
005 20231004093750.7
041 0 |a slo 
044 |a SK 
245 1 0 |a Jednoducho " bez zásob"  |c Jana Bokorová 
520 |a Využívanie princípov CRP a ECR je určené na to, aby bola distribúcia a logistika kvalitná a racionálna. CRP - doplnenie tovaru na regáli tak rýchlo, ako ho spotrebiteľ berie. Čo je základom ECR - efficient consumer respons? Výmena informácií medzi výrobou a obchodom. Medzikonkurenčná komunikácia. 
610 2 0 |a distribúcia 
610 2 0 |a zásobovanie 
610 2 0 |a zásoby 
610 2 0 |a tovar 
610 2 0 |a potreby 
610 2 0 |a spotrebitelia 
610 2 0 |a komunikácia marketingová 
610 2 0 |a ECR 
100 1 |a Bokorová, Jana